| 000 | 00560nam a2200193Ia 4500 | ||
|---|---|---|---|
| 003 | GCL | ||
| 008 | 140319s9999 xx 000 0 eng d | ||
| 040 |
_aGCL / _cGCL |
||
| 082 | 0 | 4 |
_aP _b054 _bS P |
| 100 | 1 | _aSOCIETE EGYPTIENNE DU PUBLICITE | |
| 245 | 1 | 0 |
_aLE PROGRES EGYPTIEN / _cSOCIETE EGYPTIENNE DU PUBLICITE |
| 700 | 1 | _aSOCIETE ORIENTALE DE PUBLICITE(S.O.P) | |
| 260 |
_a[S.N] : _bSOCIETE EGYPTIENNE DU PUBLICITE ، _c1995 |
||
| 300 | _a4 | ||
| 650 | 0 | 4 | _aFRENCH LANGUAGE |
| 650 | 0 | 4 | _aPERIODICALS |
| 650 | 0 | 4 | _aLE PROGRES EGYPTIEN |
| 942 |
_2ddc _cCR |
||
| 999 |
_c25913 _d25913 |
||